| 000 | 00410 a2200109 4500 | ||
|---|---|---|---|
| 001 | ART_52411 | ||
| 005 | 20260410162015.0 | ||
| 008 | 260409a | ||
| 245 | 1 | 0 | _aEl defensor del pueblo: breve análisis sobre el pasado, presente y futuro de una institución de la democracia |
| 100 | 1 | _aRoitman, Facundo J. | |
| 773 | 0 |
_tTemas de derecho administrativo _g- Año 6, N° 4 (abr. 2021) _wREV40468 |
|
| 999 |
_c32548 _d32548 |
||